| 000 | 00561nam a2200205Ia 4500 | ||
|---|---|---|---|
| 008 | 170918s9999 xx 000 0 und d | ||
| 020 | _a9780439256135 | ||
| 050 | _bY811 1999 | ||
| 100 | _aYoungs, Bettie | ||
| 245 | _aTaste berries for teens : | ||
| 245 | _binspirational short stories and encouragement on life, love, friendship and tough issues / | ||
| 245 | _cby Bettie B. Youngs. | ||
| 260 | _aNew York : | ||
| 260 | _bScholastic, | ||
| 260 | _c1999 | ||
| 300 | _a144 pages : | ||
| 300 | _billustrations ; | ||
| 300 | _c21cm. | ||
| 500 | _a970 | ||
| 999 |
_c343299 _d343299 |
||